Marital counseling.

Bibliographic Details
Main Author: Hudson, R. Lofton (Robert Lofton), 1910-2002
Format: Book
Language:English
Published: Englewood Cliffs, N. J. : Prentice-Hall, [1963]
Subjects:

MARC

Tag First Indicator Second Indicator Subfields
LEADER 00000cam a2200000 4500
001 in00000054017
005 20151008051416.0
008 761222s1963 nyu b 00000 eng
010 |a  63015004  
035 |a (OCoLC)02641756 
035 |9 AAG7703AM 
040 |a DLC  |c OHI  |d TXA  |d UtOrBLW 
049 |a TXAM  |c [477699] 
050 0 |a HQ10  |b .H8 
082 0 |a 301.426 
092 |a 362.82  |b H886m 
100 1 |a Hudson, R. Lofton  |q (Robert Lofton),  |d 1910-2002. 
245 1 0 |a Marital counseling. 
264 1 |a Englewood Cliffs, N. J. :  |b Prentice-Hall,  |c [1963] 
300 |a 138 pages ;  |c 21 cm. 
336 |a text  |b txt  |2 rdacontent 
337 |a unmediated  |b n  |2 rdamedia 
338 |a volume  |b nc  |2 rdacarrier 
504 |a Includes bibliography. 
650 0 |a Marriage counseling. 
999 |a MARS 
999 f f |s c8b45a01-5055-3c10-9ae4-2e6823bbcad9  |i 61ed0655-1e27-3715-9e9a-8be6f0bff591  |t 0 
952 f f |p ric  |a Texas A&M University  |b Rellis Campus  |c Joint Library Facility  |d Remote Storage  |t 0  |e HQ10 .H8  |h Library of Congress classification  |i unmediated -- volume  |m A14800811270 
998 f f |a HQ10 .H8  |t 0  |l Remote Storage